000 01001nam a22002417a 4500
005 20170417162956.0
010 _aENG-108756
020 _c245.00
_a9788183640961
020 _c260.00 reprint 2014
035 _aEN-92289
035 _aB-538645-677
037 _bDBAD/PUB
037 _bKBD/Ven
_adpl
082 _a000
100 _aBanga, Chaman Lal
245 _aHandbook of M.Ed. entrance and competitive exams :
_cby Chaman Lal Banga
_bUGC/NET/JRF, education;B.Ed. & teacher-eligibility competitive examination /
260 _aNew Delhi
_bAnshah Publishing House
_c2013 reprint 2014
270 _aLG 18-19, Pankaj Central Market, Patparganj
_bDelhi
_e110092
300 _a344p.
_c22cm(pbk)
942 _2ddc
_cEN
_mBAN
_h000
999 _c81101
_d81101